| 000 | 00432nam a22001697a 4500 | ||
|---|---|---|---|
| 999 |
_c6744 _d6744 |
||
| 003 | OSt | ||
| 005 | 20190119161457.0 | ||
| 008 | 190119b ||||| |||| 00| 0 eng d | ||
| 020 | _a0962732818 | ||
| 040 | _cDLC | ||
| 082 |
_a813.5 _bS713n |
||
| 100 | _aSonmore, Clayt | ||
| 245 | _aNone Dare Call it Deception! | ||
| 260 |
_aMinnetonka, Minnesota: _bthe kingdom Come Ministries: _cc1992 |
||
| 300 |
_a208p.; _c25cm |
||
| 942 |
_2ddc _cBK |
||